عرض عادي
عرض مارك
- الشركات
دخول Topical Term
001 - CONTROL NUMBER
- control field: 29037
003 - CONTROL NUMBER IDENTIFIER
- control field: AE-AdECS
005 - DATE AND TIME OF LATEST TRANSACTION
- control field: 20260423142220.0
008 - FIXED-LENGTH DATA ELEMENTS
- fixed length control field: 260423|| aca||aabn | a|a d
040 ## - CATALOGING SOURCE
- Original cataloging agency: AE-AdECS
- Transcribing agency: AE-AdECS
150 ## - HEADING--TOPICAL TERM
- Topical term or geographic name entry element: الشركات
- General subdivision: الشراكة الاستراتيجية
670 ## - SOURCE DATA FOUND
- Source citation: Work cat.: (AE-AdECS)294864: الحسيني، محمد رزق مؤلف. 29033, التحليل المالي لصناعة القرارات وتقييم الشراكة الاستراتيجية (قبل وبعد) /
